LEADER 01105nam a2200277 i 4500 001 000000249399 003 CaOOAMICUS 005 20160516000000.0 008 160516s1986 it u000 u ita u 013 $a228304 020 $a88-7641-035-X 040 $aSeMil$bita 100 1 $aHrabal, Bohumil <1914-1997>.$0(OLS)http://semarc/name/90715 245 10$aHo servito il re d'Inghilterra /$cBohumil Hrabal ; traduzione e postafazione a cura di Giuseppe Dierna. 250 $a4. ed. 260 $aRoma :$bEdizioni e/o,$c1986. 300 $a237 p. ;$c21 cm. 490 0 $aCollana praghese 700 1 $aDierna, Giuseppe.$0(OLS)http://semarc/name/44517 830 0$aCollana praghese.$0(OLS)http://semarc/title/10542 850 $aSeMil 852 $aSeMil$W1$xVenegono$y1$m1V IV 225$j199745$B199745$CSeMilBibl$Z2$F211765 $81 961 $aOmaggio: Istituto San Vincenzo 996 $6020$a88-7641-035-X$9(OLS)http://semarc/number/259480 996 $6245$aHo servito il re d'Inghilterra$9(OLS)http://semarc/title/351545 996 $6260$aRoma :$bEdizioni e/o$9(OLS)http://semarc/publisher/33950 LEADER 01210nam a2200301 i 4500 001 000000210035 003 CaOOAMICUS 005 20250513101905.0 008 120110s1999 it u000 u ita u 013 $a188827 040 $aSeMil$bita 100 1 $aConrad, Joseph,$d<1857-1924>.$0(OLS)http://semarc/name/8193 240 10$aTyphoon.$0(OLS)http://semarc/title/440146 245 10$aTifone /$cJoseph Conrad ; traduzione di Alda Politzer e Goffredo Miglietta. 250 $aEd. speciale per Famiglia Cristiana. 264 1$a[S.l.] :$bFamiglia Cristiana,$c1999. 300 $aX, 145 p. ;$c21 cm. 490 1 $aGli indimenticabili ;$v4 500 $aSupplemento a Famiglia Cristiana. 700 1 $aMiglietta, Goffredo.$0(OLS)http://semarc/name/60569 700 1 $aPolitzer, Alda.$0(OLS)http://semarc/name/75257 830 4$aGli indimenticabili ;$v4.$0(OLS)http://semarc/title/35162 850 $aSeMil 852 $aSeMil$W1$xVenegono$y1$m1U II 95$j160486$B160486$CSeMilBibl$Z2$F172919 $81 961 $aOmaggio: Altro 996 $6245$aTifone$9(OLS)http://semarc/title/303661 996 $6264$a[S.l.] :$bFamiglia Cristiana$9(OLS)http://semarc/publisher/33580